000
00366nam a22001337a 4500
005
20250320135543.0
008
250320b |||||||| |||| 00| 0 eng d
041
_a
Mar.
100
_a
पटवर्धन, प्रमिला
_9
180353
245
_a
जगावेगळ्या व्यक्ती
260
_a
Pune
_b
Pornima
300
_a
64
942
_c
DB
999
_c
365651
_d
365651